| LEADER |
00756nam0a2200217 450 |
| 001 |
16836666 |
| 010 |
|
|
|a 978-2-302-09112-2
|b rel.
|d 10,5
|
| 100 |
|
|
|a 20210414d2021 u u0frey01 ba
|
| 101 |
0 |
|
|a fre
|
| 102 |
|
|
|a FR
|
| 200 |
0 |
|
|a soeurs au pouvoir (Les)
|f Olivier Dutto
|g BenBK
|
| 207 |
|
1 |
|a
|
| 210 |
|
|
|a Toulon
|c Soleil
|d 2021
|
| 215 |
|
|
|a 1 vol. (48 p.)
|d 30 cm
|
| 225 |
1 |
|
|v tome
|
| 330 |
|
|
|a Une nouvelle avalanche de gags dans lesquels Tom et Nina rivalisent d'astuces pour se piéger l'un l'autre.
|
| 700 |
|
0 |
|a Dutto
|b Olivier
|c Illustrateur
|4 70
|
| 702 |
|
0 |
|a BenBK
|f 1980-....
|4 0
|
| 900 |
|
|
|a Bande Dessinée enfant ado
|
| 901 |
|
|
|a Accessible au prêt
|
| 995 |
|
|
|a Bibliothèque
|c Bibliothèque
|f 024021424
|h 024021424
|k BD DUT
|o p
|q j
|r az
|e Bibliothèque
|